[Event "Grand Slam Final 6th"]
[Site "Bilbao"]
[Date "2013.10.11"]
[Round "5"]
[White "Adams, Michael"]
[Black "Aronian, Levon"]
[Result "0-1"]
[WhiteElo "2753"]
[BlackElo "2795"]
[Annotator "Gormally,D"]
[PlyCount "86"]
[EventDate "2013.10.07"]
[EventType "tourn"]
[EventRounds "6"]
[EventCountry "ESP"]
[EventCategory "21"]
[SourceTitle "CBM 157"]
[Source "ChessBase"]
[SourceDate "2013.11.12"]
[SourceVersion "1"]
[SourceVersionDate "2013.11.12"]
[SourceQuality "1"]

1. e4 e5 2. Nf3 Nc6 3. Bb5 a6 4. Ba4 Nf6 5. O-O Be7 6. d3 d6 7. c3 O-O 8. Re1
b5 9. Bc2 d5 10. Nbd2 d4 11. h3 Nd7 12. Nb3 a5 13. a4 bxa4 14. Nbd2 Nc5 15. Nc4
f6 16. Bxa4 Nxa4 17. Rxa4 dxc3 18. bxc3 Ba6 19. Qb3 Kh8 20. Rd1 Qb8 21. Qc2 Bb5
22. Ra2 Bxc4 23. dxc4 Nd8 24. Be3 Ra6 {Although White's pawn islands on the
c-file may look ugly, they control some useful squares. However in the long
term, Black stands well, as not only can he take aim at these pawns in the
endgame, but he has a powerful passed a-pawn to boot. So at this moment the
game is in the balance. It is a classic situation of better structure vs
short-term initative. Karpov for example used to love defending against these
temporary initatives, if he soaked up the pressure his lasting trumps would
surely prevail. Therefore we can say that if White does not play with energy
and precision over the next few moves there is a great danger he will end up
just being a lot worse.} 25. Qa4 $2 {Adams places his queen on what looks a
very natural square, not only blockading the a-pawn, but also threatening at
any moment to steal into d7, creating havoc in the enemy ranks.  However it
turns out that this is a crucial error, which hands over the initiative to
Aronian, after which he never lets go.} ({In fact the queen was already well
posted on c2, where it keeps a useful eye on the e4-pawn. Much more to the
point was} 25. Rd7 $1 Re8 (25... Nc6 {is possible, but of course the knight
would far rather go to e6} 26. Rd5 $1 {and it is not easy to see how Black can
make any progress against this stubborn rook on d5, while at the same time
White can always re-route his knight from f5 to either f5 via h4, or d2 to b3.
With the knight on e6 the white rook on d5 is only temporarily in charge - it
can always be pushed away with a timely ...c6}) 26. Nh4 $1 {which creates a
serious problem for Black; he can hardly allow the knight into f5, but after}
g6 {his kingside has been appreciably weakened.} 27. Nf3 Ne6 28. Rd5 Qa8 29.
Qa4 Kg7 30. Nd2 $1 {and White is better - it is not at all easy for Black to
alleviate the pressure on his position.}) 25... Ne6 $1 {Just the tiniest of
inaccuracies and the Black forces are co-ordinating perfectly again.} 26. Qb5 (
26. Rd7 $6 {gets nowhere after} Bc5 $1) 26... Qa8 27. c5 {Perhaps Adams was
counting on this move, but if so, Aronian's next two turns would serve as a
rude awakening.} ({In any case White is already worse.} 27. Rda1 Rb8 28. Qd5
Rd8 29. Qb5 c6 30. Qa4 Bc5 {is also unpleasant for White.}) 27... Rb8 28. Qc4
Qc6 $1 {The white position is now bereft of any fun, as Aronian has cleverly
extinguished his initiative. In fact White is now reduced to mere defence, and
not suprisingly given the shift in psychological circumstances, it is not long
before Black's advantage grows to decisive proportions.} 29. Ne1 Nxc5 $17 30.
Rd5 Nb3 31. Qd3 Raa8 32. Nc2 Bf8 33. Na3 Qa4 $1 {Black is winning now. The
white position is too fragile.} 34. Qc4 Qxc4 35. Nxc4 a4 36. Kf1 a3 37. Rd7 Kg8
38. Ke2 Rb7 39. Kd3 Ra4 40. f3 Bc5 41. Bd2 Kf8 42. g4 Ba7 43. Nd6 cxd6 0-1

[Event "Athens Acropolis op-A 24th"]
[Site "Chalkida"]
[Date "2009.08.15"]
[Round "6"]
[White "Mamedov, Nidjat"]
[Black "Mastrovasilis, Athanasios"]
[Result "0-1"]
[WhiteElo "2614"]
[BlackElo "2503"]
[Annotator "Grivas,E"]
[PlyCount "60"]
[EventDate "2009.08.10"]
[EventType "swiss"]
[EventRounds "9"]
[EventCountry "GRE"]
[SourceTitle "CBM 131 Extra"]
[Source "ChessBase"]
[SourceDate "2009.09.03"]
[SourceVersion "2"]
[SourceVersionDate "2009.09.16"]
[SourceQuality "1"]

1. e4 e5 2. Nf3 Nc6 3. Bb5 Nf6 4. d3 d6 5. c3 Be7 6. O-O O-O 7. Re1 a6 8. Ba4
Nd7 9. d4 exd4 10. Nxd4 ({It looks strange but the text move is a novelty.
White has chosen till now} 10. cxd4 Nb6 11. Bb3 (11. Bxc6 bxc6 12. Qc2 (12. Nc3
a5 13. Be3 f5 14. e5 f4 15. Bc1 d5 $13 {Bachmann Schiavo,A-Beliavsky, A
Dresden 2008}) 12... Bd7 13. Nbd2 {1/2-1/2 Palac,M-Beliavsky,A Murska Sobota
2007}) (11. Bc2 Bg4 12. d5 Bxf3 13. Qxf3 Nd4 14. Qd1 Nxc2 15. Qxc2 c6 16. dxc6
Rc8 17. Qe2 Rxc6 18. Nc3 Bf6 $11 {Papadopoulos,I-Mastrovasilis,A Rhodes 2008})
11... Bg4 12. Nc3 Bf6 13. Be3 Qd7 $13 {Strelnikov,S-Nester,I Evpatoria 2003.})
10... Nxd4 11. cxd4 (11. Qxd4 $6 Bf6 12. Qe3 Nc5 $15 {.}) 11... Nb6 12. Bb3 d5
({I think that} 12... c5 {was the correct follow-up.}) 13. exd5 $1 (13. e5 Bf5
14. Nc3 Qd7 {would allow Black to feel fine.}) 13... Bd6 (13... Bf5 14. Nc3 Qd7
15. Bf4 $14 {.}) 14. Nc3 Bf5 15. Qf3 Qf6 $6 (15... Re8 16. Rxe8+ Qxe8 17. Bd2
Qd7 $14 {was a must.}) 16. Ne4 (16. Bf4 Bg6 17. Bxd6 Qxd6 18. h4 $16 {is an
alternative line.}) 16... Qg6 (16... Bxe4 17. Qxf6 gxf6 18. Rxe4 $16 {cannot
be advisable, as White also gets the bishop-pair.}) 17. Nxd6 cxd6 {At least
now White doesn't have any pressure along the c-file (c7-pawn).} 18. Bf4 Rfe8
19. Rxe8+ ({With handside I would prefer} 19. Bxd6 $1 Be4 20. Qg3 Bxd5 21. Bxd5
Nxd5 22. Re5 $16 {.}) 19... Rxe8 20. Qg3 $6 (20. Bxd6 Be4 21. Qg3 Bxd5 {
was again good.}) 20... a5 $1 {Now Black gets counterplay.} 21. f3 a4 22. Re1
Rxe1+ 23. Qxe1 h6 $1 24. Bxa4 $6 ({White should try to keep the equality with} 
24. Bd1 Nxd5 25. Bg3 {.}) 24... Nxa4 25. Qe8+ Kh7 26. Qxa4 Bh3 $1 27. g4 $2 ({
A tragic blunder. White should have opted for the passive but probably
defensible} 27. Bg3 Qb1+ 28. Kf2 Qxb2+ 29. Ke1 Bxg2 30. Qb3 Qc1+ $15 {.}) 27...
Qd3 $1 {Probably White missed this strong move!} 28. Kf2 g5 $1 {And now Black
wins!} 29. Qd7 (29. Bg3 Qd2+ 30. Kg1 Qg2# {.}) 29... Qf1+ 30. Ke3 Qc1+ 0-1

[Event "RUS-ch Superfinal 60th"]
[Site "Moscow"]
[Date "2007.12.29"]
[Round "10"]
[White "Inarkiev, Ernesto"]
[Black "Tomashevsky, Evgeny"]
[Result "1-0"]
[WhiteElo "2674"]
[BlackElo "2646"]
[Annotator "Inarkiev,E"]
[PlyCount "113"]
[EventDate "2007.12.18"]
[EventType "tourn"]
[EventRounds "11"]
[EventCountry "RUS"]
[EventCategory "17"]
[SourceTitle "CBM 122"]
[Source "ChessBase"]
[SourceDate "2008.01.30"]
[SourceVersion "1"]
[SourceVersionDate "2008.01.30"]
[SourceQuality "1"]

{This game was played in the 10th round. My opponent had played a very good
tournament, and before this game he had +3, only half a point behind the
leader. I had had a very strange tournament; in the first 8 rounds I hadn't
managed to win even one game, despite a lot of chances to do so. In round 9 I
won with Black, and before this game had 50 percent. Obviously, I was no
longer giving much thought to the contest to win the tournament. I just wanted
to win one more game.} 1. e4 e5 2. Nf3 Nc6 3. Bb5 a6 4. Ba4 Nf6 5. O-O b5 6.
Bb3 Bb7 {Arhangelsk variation. This is Evgeny's favourite weapon against 1.e4.}
7. d3 (7. c3) ({and} 7. Re1 {other lines.}) 7... Be7 8. Nc3 O-O 9. Bd2 d6 10.
Ne2 $5 {A rare move. It had been played only in one game before. At the same
time, It couldn't be a surpise for my opponent, because it that game it was
Tomashevsky who was Black.} ({Mainly, White has chosen} 10. Nd5) ({or} 10. a4)
10... Bc8 $6 $146 ({In that single game Black chose} 10... Nd7 {but didn't
equalise.} 11. Ng3 Nc5 12. Bd5 Rb8 13. b4 Ne6 14. c3 $14 {...0:1
Khairullin-Tomashevsky, Russia 2006. It's interesting, that Tomashevsky,
Khairullin and Vitiugov commented on it for the Informant.}) ({They noted that
both the moves} 10... d5 {and 10...Bc8 are worthy of attention.}) 11. c3 Be6 {
Obviously, this is the idea of the previous move. The bishop on b7 was
confined by the d3- and e4-pawns, and as at the same time, the white bishop on
b3 is quite strong, Black trying to trade the bishops.} {White has saved the
tempi on the typical moves a3, h3, and made the transfer of Nb1 to g3 without
the move Re1. Those small subtleties, and some unconcern in Black's previous
play allow White to gain the initiative with:} 12. Bxe6 $1 fxe6 13. a4 {
Threatening a4xb5 followed by Ra8 and Qb3.} Qd7 14. Ng3 Rab8 15. b4 $14 {
The small defect in Black's pawn structure, and an initiative on the queenside,
give White a long-term advantage.} Nd8 $5 {The N is going to f7, freeing the
way for the c-pawn.} ({If} 15... d5 {then} 16. Qb3 Bd6 17. Rfe1 $14) {A
critical moment. White must decide now, what is more important, let Black
exchange a pair of rooks, or let him play c7-c5.} 16. axb5 $1 ({After} 16. Qb3
$5 Nf7 {(/\d5,c5).} 17. axb5 (17. Ra2 {is slow} d5 {(/\c5).}) 17... axb5 18.
Ra7 $1 Ra8 $1 19. Rfa1 Rxa7 20. Rxa7 $14 {White has prevented c7-c5, and it
will be difficult for Black to get any counterplay; however, with one rook on
the board it's possible to defend passively.} d5 21. h3 h6 $5 22. Qa2 Bd6 {
White is better, but Black has his chances.}) 16... axb5 17. Ra6 Nf7 18. Qa1 $1
{This is the point, White takes the a-file avoiding the exchange of rooks.} d5
{(/\c5)} ({The critical continuation is} 18... c5 19. bxc5 $1 {Breaks Black's
pawns.} (19. Qa2 $6 cxb4 $5 (19... d5 $5) 20. cxb4 d5) 19... dxc5 {This is
position, which I had aimed for. I saw, that here I have different
possibilities, and decided, that there should be a way to exploit the
advantages of White's position.} 20. Qa2 $1 {After other moves Black also has
problems, but this move is the strongest.} Qxd3 ({After} 20... Bd6 21. Ra1 {
White's initiative increases.}) 21. Qxe6 ({Not good is} 21. Rxe6 $6 Ra8 22. Qb3
Bd6 $13 {and White has a problem with his rook.}) 21... Rbe8 ({If} 21... Rb7 $6
{then} 22. Be3 $16 {(/\Nf5).}) ({After} 21... Bd6 {White has a choice.} 22. Ra7
$5 {is strong enough.} (22. Bg5 $1 {may be even stronger but it's more
complicated. For example} Rbe8 ({If} 22... b4 {then} 23. Ra7 $1 Rbe8 (23... b3
$2 {is too slow:} 24. Bxf6 gxf6 25. Nf5 $18 b2 26. Nh6+) 24. Qf5 Re7 $5 25.
Rxe7 Bxe7 26. cxb4 cxb4 27. Nxe5 $16) 23. Qf5 $1 Nxg5 24. Nxg5 Re7 25. Qh3 $1 {
(/\Nf5).} b4 26. Rfa1 $1 Qxc3 27. Nf5 Qxh3 28. Nxh3 Nxe4 29. Nxd6 $18) 22...
Rbe8 23. Qa2 {Ng5 is a strong threat.} h6 24. Re1 {(/\Re3).} b4 25. cxb4 cxb4
26. Re3 Qb5 27. Ra5 Qb6 28. Ra6 Qb8 29. Rb3 $16 {The pawn on b4 will fall.}) {
and now} 22. Be3 $1 {(/\Nf5; xc5).} Bd6 ({or} 22... Kh8 23. Ra7 Bd6 24. Qb3 $16
) 23. Qa2 b4 24. Rb1 $1 Kh8 25. cxb4 cxb4 26. Ne1 Qb5 27. Ra7 $16 {It will be
hard for Black to protect both, the b-pawn and the kingside.}) 19. Be3 {
White mechanically stops c7-c5.} ({Interesting also} 19. Qa3 $5 Rfc8 20. Ra7)
19... Ng4 $5 {Black tries to exchange something.} ({If} 19... Rfc8 {then} 20.
Ra7 $14) 20. Ba7 $1 {Winning a tempo, and maintaining control over the
c5-square.} ({If} 20. Bc1 {then Black can just move back} Nf6 $5 {(/\c5).})
20... Ra8 21. h3 Nf6 22. Qa2 Rfc8 23. Ra1 {Maybe White should not give Black a
chance to play c7-c5.} ({The best way to stop it is} 23. Ra3 $5 {excellent
preventive move!} {Now} c5 $2 {is impossible} 24. bxc5 $16 Bxc5 $2 25. Bxc5
Rxa3 26. Bxa3 $18) {It's not obvious whether should White prevent c5 or not,
because after it White also has the initiative.} 23... c5 $5 {It's not easy to
stay passive.} 24. bxc5 Bxc5 25. Bxc5 Rxa6 26. Qxa6 Rxc5 {Again a critical
moment. I went for this position more intuitively, thinking that there should
be an initiative for me, but White must play precisely.} 27. exd5 $1 ({
Promising could be} 27. Qb6 $6 {but after} Rxc3 28. Ra7 {Black has} Rc6 $1 {
and White can gain only a slight edge} 29. Qa5 Qe8 30. exd5 Nxd5 31. Ra8 Rc8
32. Rxc8 Qxc8 33. Qxb5) ({Also not enough is} 27. Ra3 dxe4 $5 28. Qb6 $5 {
An interesting trick, but it simplifies the position} ({If} 28. dxe4 {then
there arises the situation, where Black can successfully contain the activity
of White's knights, and without knights it will be hard to make any progress.}
h6 $5 29. Qb6 Qc6) 28... Rc6 $1 29. Ra8+ Rc8 30. Ra7 Nd5 31. Qa5 Qd8 $1 32.
Nxe4 Qxa5 33. Rxa5 b4 34. cxb4 Nxb4 $14 {White is slightly better, but Black
should make a draw.}) 27... Rxd5 $2 {At the cost of the pawn structure, Black
wants to get some activity.} ({Also bad is} 27... Nxd5 $2 28. Ne4 Rc8 29. c4
$16) ({Just necessary was} 27... exd5 $1 {I planned to play} 28. d4 $5 ({
Probably, objectively stronger is} 28. Qa3 Rc8 (28... Qc7 $2 {loses:} 29. Qa8+
Qc8 30. Nf5 $1 $18 {For example} Kh8 31. Nxe5 $1 Nxe5 32. Ne7 Qe8 33. d4 $1
Rxc3 34. dxe5 Rc1+ 35. Rxc1 Qxa8 36. exf6 gxf6 37. Rc8+ Qxc8 38. Nxc8 $18) 29.
Qb4 $14 {(/\Ra5).}) 28... exd4 29. Nxd4 Nd6 $1 ({Bad is} 29... Rxc3 $2 30. Ngf5
$1 $16 {and White has a strong attack. For example} h6 31. Re1 $1 Ne4 32. Qg6
$1 $40) 30. Nge2 (30. Qb6 $6 {doesn't work} Rxc3 31. Ra7 {because of} Nc8 $1) {
The position looks almost equal, but it is not, White has a good initiative.
For example} 30... h6 31. Qb6 Qc7 32. Ra8+ Kh7 33. Ra6 $1 Nfe8 34. Qxc7 Rxc7
35. Rb6 Rc5 36. g4 $14) 28. c4 $1 $16 bxc4 ({Or} 28... Rxd3 29. cxb5 $16) 29.
dxc4 Rc5 30. Rb1 $1 {It's amazing how quickly White's advantage increases.
Black has to protect the weaknesses, and can't trade some pieces; because of
this Black is forced to put his pieces in worse positions.} Rc8 31. Rb7 Qd1+
32. Kh2 Qd6 33. Qa7 $1 Qf8 (33... Rf8 $2 34. Ng5 $1) {Here we both had less
than 10 minutes, so the next few moves were made in limited time.} 34. Rc7 Rd8
({After} 34... Rxc7 35. Qxc7 {Black loses the pawn.}) 35. Qb6 Re8 ({If} 35...
Qe8 {then} 36. Qe3) 36. Ra7 e4 {This move doesn't look good, but we can hardly
recommend Black to stand and wait.} 37. Nd2 Nd6 38. Ra6 Rd8 39. Qb3 ({Wrong
would be} 39. Ngxe4 $6 Nfxe4 40. Nxe4 Nxc4 41. Qxe6+ Qf7 $16 {and Black would
have good chances to get a draw.}) 39... Rb8 40. Rb6 Rc8 $5 ({Worse is} 40...
Rxb6 41. Qxb6 {(/\c5; xe4,xe6,P"c").}) 41. Qb4 $1 {We had passed the time
control, and after deep thought I realized, that White's c-pawn, is more
important, than both Black's e-pawns.} ({Because of this} 41. c5 $2 {is mistake
} Rxc5 42. Qxe6+ ({or} 42. Rb8 Rc8 43. Qxe6+ Kh8 44. Rxc8 Nxc8 45. Ndxe4 Nxe4
46. Nxe4 Ne7 $16 {and Black has good chances to make a draw.}) 42... Nf7 43.
Ndxe4 Nxe4 44. Nxe4 Re5 45. Qc4 Kh8 $16 {Here White has real chances to win,
but to have achieved such a position is major progress for Black.}) 41... Rd8 (
41... Nxc4 $2 {loses} 42. Nxc4 Nd5 ({or} 42... Qxb4 43. Rxb4 Nd5 44. Nb6 $18)
43. Qa4 $1 {the most simple, taking the c6-square under control} Nxb6 ({If} 
43... Rxc4 $2 {then} 44. Qxc4 Nxb6 45. Qxe6+ $18 {winning the knight.}) 44.
Nxb6 $18) 42. Rc6 h5 {This is the natural wish to create some counterplay, but
this will finally become one more weakness.} 43. Qc5 $1 {Simple and strong.
The queen is going to e5.} (43. c5 $1 {is also strong and if} Nd5 {then} 44.
Qb1 $1) 43... h4 44. Ngf1 Qe7 45. Qe5 $1 {Excellent position for the queen.
Attacking the e4 and e6 pawns, and preparing c4-c5.} Qd7 46. Ra6 Kf8 47. Kg1 {
There's no reason to hurry. I was planning to attack the h-pawn, but Black
made a mistake. Anyway, there's almost no chance for a successful defence.} Ke7
$6 {Trying to protect e6 for the future. Here Black was in time trouble.} 48.
Nb3 $1 {Starting the decisive attack.} Nf7 ({Also bad is} 48... Kf7 49. Nc5 Qe7
50. Ne3 $18 {and Black falls to pieces.}) ({Losing immediately} 48... Nxc4 $2
49. Qc5+ Nd6 50. Ra7 $18) 49. Qa5 {Threatening Ra7} Qd1 50. Qb4+ Nd6 51. Ra1 $1
{Helping to activate last inactive piece.} Qe2 52. Ne3 $18 {Now all White's
pieces are ready to attack the black king, and the black queen is too far from
home. Game over.} Qb2 53. c5 $1 Nc8 54. c6+ Kf7 55. Nc4 Qe2 56. Nd4 $1 {
The final detail.} Qh5 ({If} 56... Rxd4 {then} 57. Ne5+ $1 $18) 57. Qb7+ $1 {
Black resigned.} 1-0